[Event "ch-RUS HL"]
[Site "Ulan Ude RUS"]
[Date "2009.09.09"]
[Round "7"]
[White "Belous,V"]
[Black "Zabotin,A"]
[Result "1-0"]
[WhiteElo "2426"]
[BlackElo "2512"]
[EventDate "2009.09.02"]

1. c4 Nf6 2. Nc3 d5 3. cxd5 Nxd5 4. g3 g6 5. Bg2 Nb6 6. d3 Bg7 7. Be3 Nc6
8. Bxc6+ bxc6 9. Qc1 h5 10. h4 Nd5 11. Bd2 Rb8 12. Nf3 Bg4 13. Ng5 O-O 14.
f3 Bc8 15. Nge4 f5 16. Ng5 Qd6 17. Kf2 Be5 18. Kg2 Bd7 19. a3 Rb3 20. Na4
c5 21. Nxc5 Rxb2 22. Nxd7 Qxd7 23. Rd1 f4 24. d4 Bxd4 25. Qc4 c5 26. Ra2
Rxa2 27. Qxa2 Kh8 28. gxf4 Qf5 29. Qb1 Qxb1 30. Rxb1 Bc3 31. Bc1 Nb6 32.
Ne4 Bd4 33. e3 Bf6 34. Nxc5 Rc8 35. Ne4 Rc2+ 36. Kg3 Nc4 37. Nxf6 exf6 38.
f5 gxf5 39. Kf4 Kg7 40. Kxf5 Nd6+ 41. Ke6 Nc4 42. e4 Nb6 43. Bf4 Rc6+ 44.
Ke7 Nc8+ 45. Ke8 Rc3 46. Rg1+ Kh7 47. Kf8 Rd3 48. Rg7+ Kh8 49. Rg6 Rd8+ 50.
Kf7 Rd7+ 51. Kxf6 1-0

[Event "ch-RUS HL"]
[Site "Ulan Ude RUS"]
[Date "2009.09.09"]
[Round "7"]
[White "Yuzhakov,O"]
[Black "Kornev,Alexei"]
[Result "1/2-1/2"]
[WhiteElo "2360"]
[BlackElo "2527"]
[EventDate "2009.09.02"]

1. e4 e6 2. d4 d5 3. Nc3 Bb4 4. exd5 exd5 5. Bd3 Nc6 6. Nge2 Nge7 7. Bf4
O-O 8. O-O Bf5 9. Ng3 Bxd3 10. Qxd3 Bxc3 11. Qxc3 Ng6 12. Qd2 Qd7 13. Rfe1
Rae8 14. h3 Nd8 15. Nh5 Ne6 16. b3 Qd8 17. g3 Qd7 18. Kg2 f6 19. a4 Qf7 20.
Qd1 Nh4+ 21. Kf1 Nf5 22. Be3 Nexd4 23. Nxg7 Nxe3+ 24. fxe3 Qxg7 25. Qxd4
Qxg3 26. Qxd5+ Kh8 27. Qg2 Qe5 28. Qf3 Rg8 29. Rad1 Rg5 30. Rd4 Reg8 31.
Ke2 Rg3 32. Qf4 Qxf4 33. Rxf4 1/2-1/2

[Event "ch-RUS HL"]
[Site "Ulan Ude RUS"]
[Date "2009.09.10"]
[Round "8"]
[White "Romanov,E"]
[Black "Timofeev,Arty"]
[Result "0-1"]
[WhiteElo "2588"]
[BlackElo "2668"]
[EventDate "2009.09.02"]

1. Nf3 c5 2. c4 g6 3. e4 Nc6 4. d4 cxd4 5. Nxd4 Nf6 6. Nc3 Nxd4 7. Qxd4 d6
8. f3 Bg7 9. Be3 O-O 10. Qd2 Be6 11. Rc1 Qa5 12. Be2 Rfc8 13. b3 Rab8 14.
Na4 Qxd2+ 15. Kxd2 Bd7 16. Nc3 a6 17. a4 a5 18. g4 Bc6 19. Nd5 Kf8 20. Nxf6
Bxf6 21. g5 Bb2 22. Rc2 Ba3 23. h4 Bb4+ 24. Kd1 Bc5 25. Bd2 b6 26. h5 e5
27. Bd3 Ke7 28. Ke2 Bd7 29. Rcc1 Be6 30. Bc3 Rg8 31. hxg6 Rxg6 32. Bd2 Rbg8
33. Rxh7 Rxg5 34. Bxg5+ Rxg5 35. Kd2 Bb4+ 36. Ke3 Kd7 37. Rch1 Kc6 38. Bf1
Bc5+ 39. Ke2 Bd4 40. R7h5 Rg3 41. Bh3 Kc5 42. Bxe6 fxe6 43. R1h3 Rg2+ 44.
Kd1 Kb4 45. f4 exf4 46. Rb5+ Ka3 47. Rd3 e5 48. b4+ Kxa4 49. bxa5 bxa5 50.
Rb7 Bc5 51. Rb8 Bb4 52. Rb6 Rg3 53. Rxg3 fxg3 54. Rb7 Kb3 55. Rg7 a4 56.
Rxg3+ 0-1

[Event "ch-RUS HL"]
[Site "Ulan Ude RUS"]
[Date "2009.09.10"]
[Round "8"]
[White "Vorobiov,E"]
[Black "Lastin,A"]
[Result "1/2-1/2"]
[WhiteElo "2606"]
[BlackElo "2648"]
[EventDate "2009.09.02"]

1. e4 e5 2. Nf3 Nc6 3. Nc3 Nf6 4. Bb5 Nd4 5. Bc4 d6 6. Ng5 Ne6 7. d4 exd4
8. Nxe6 Bxe6 9. Qxd4 Qd7 10. Bg5 Be7 11. O-O-O Bxc4 12. Qxc4 Qc6 13. Qd4
Qb6 14. Qa4+ Qc6 15. Qd4 Qb6 16. Qa4+ Qc6 17. Qd4 1/2-1/2

[Event "ch-RUS HL"]
[Site "Ulan Ude RUS"]
[Date "2009.09.10"]
[Round "8"]
[White "Maletin,P"]
[Black "Landa,K"]
[Result "0-1"]
[WhiteElo "2576"]
[BlackElo "2655"]
[EventDate "2009.09.02"]

1. d4 Nf6 2. c4 e6 3. Nf3 d5 4. g3 dxc4 5. Bg2 Bb4+ 6. Bd2 c5 7. a3 Bxd2+
8. Nbxd2 cxd4 9. Nxc4 Nc6 10. O-O O-O 11. Rc1 a5 12. Nfe5 Nxe5 13. Nxe5 Qd6
14. Nc4 Qc5 15. b4 axb4 16. axb4 Qxb4 17. Qxd4 Ra4 18. Qb6 Bd7 19. Bxb7 Qb5
20. Qxb5 Bxb5 21. Ne5 Bxe2 22. Rfe1 Ra2 23. h4 h5 24. Ra1 Rb2 25. Rab1 Rd2
26. Bf3 Bxf3 27. Nxf3 Ra2 28. Ne5 Ra7 29. Rb5 Rc8 30. Reb1 Nd5 31. Rb7 Rc7
32. Rb8+ Kh7 33. Nf3 Ra2 34. Rf8 Nc3 35. Re1 Re2 36. Rxe2 Nxe2+ 37. Kf1 Nc3
38. Ne5 f6 39. Nd3 e5 40. Re8 Kg6 41. Rd8 Kf5 42. Kg2 Ne4 43. Nb4 Rb7 44.
Nd3 Rb3 45. f3 Nc3 46. Rd7 Ne2 47. Nf2 Kg6 48. Nh3 Rb2 49. Nf2 Nd4 50. f4
Ne6 51. Re7 Nc5 52. Kf3 Rb3+ 53. Kg2 Rb2 54. Kf3 Rb3+ 55. Kg2 exf4 56. gxf4
Ra3 57. f5+ Kh6 58. Rc7 Ra5 59. Rc8 Kh7 60. Kf3 Nb3 61. Ke4 Ra4+ 62. Ke3
Rxh4 63. Ne4 Rh3+ 64. Kf4 Nd4 65. Nd6 Rh4+ 66. Ke3 Rg4 67. Rc1 h4 68. Rd1
h3 0-1

[Event "ch-RUS HL"]
[Site "Ulan Ude RUS"]
[Date "2009.09.10"]
[Round "8"]
[White "Maslak,K"]
[Black "Kokarev,Dm"]
[Result "1/2-1/2"]
[WhiteElo "2551"]
[BlackElo "2630"]
[EventDate "2009.09.02"]

1. e4 c5 2. Nf3 d6 3. d4 cxd4 4. Nxd4 Nf6 5. Nc3 a6 6. Bg5 e6 7. f4 Qb6 8.
Qd2 Qxb2 9. Rb1 Qa3 10. f5 Nc6 11. fxe6 fxe6 12. Nxc6 bxc6 13. e5 dxe5 14.
Bxf6 gxf6 15. Ne4 Qxa2 16. Rd1 Be7 17. Be2 O-O 18. O-O f5 19. Qh6 Qxc2 20.
Bd3 Qb3 21. Be2 Ra7 22. Rf3 Qb6+ 23. Kh1 f4 24. Rh3 Bb4 25. Nf6+ Rxf6 26.
Qxf6 Bf8 27. Rhd3 Rf7 28. Qg5+ Rg7 29. Qxe5 Qc7 30. Qe4 Rg5 31. Rc3 c5 32.
Bf3 Bg7 33. Rc4 Be5 34. Rc2 Kg7 35. Qc4 Bf6 36. Rcd2 Re5 37. Qa4 Re3 38.
Qe8 Bd4 39. Rc2 Re5 40. Rb1 Qd7 41. Qxd7+ Bxd7 42. g3 Bb5 43. gxf4 Rf5 44.
Rg2+ Kf8 45. Rg4 e5 46. Be4 Rxf4 47. Rxf4+ exf4 48. Kg2 h6 49. Kf3 Be3 50.
Rd1 Ke7 51. Rd5 Ba4 52. Ke2 Bb3 53. Re5+ Kd6 54. Rh5 a5 55. Kd3 c4+ 56. Kc3
a4 57. Rd5+ Kc7 58. Ra5 Bf2 59. Ra6 h5 60. h3 Be1+ 61. Kd4 c3 62. Rc6+ Kd7
63. Ke5 a3 64. Kxf4 a2 65. Ra6 Bd2+ 66. Ke5 Bc1 67. Ra7+ Kd8 68. Kd6 Ke8
69. Ra8+ Kf7 70. Bd5+ Bxd5 71. Kxd5 Bb2 72. Rxa2 Kf6 73. Ke4 c2 74. Ra6+
Kg5 75. Rc6 c1=Q 76. Rxc1 Bxc1 1/2-1/2

[Event "ch-RUS HL"]
[Site "Ulan Ude RUS"]
[Date "2009.09.10"]
[Round "8"]
[White "Volkov,Sergey1"]
[Black "Popov,Iv RUS"]
[Result "0-1"]
[WhiteElo "2616"]
[BlackElo "2582"]
[EventDate "2009.09.02"]

1. d4 d5 2. c4 c6 3. Nf3 Nf6 4. e3 Bg4 5. Qb3 Qb6 6. Nc3 e6 7. Nh4 Bh5 8.
h3 Nbd7 9. g4 Bg6 10. Nxg6 hxg6 11. g5 Ne4 12. Nxe4 dxe4 13. h4 O-O-O 14.
Qxb6 Nxb6 15. c5 Nd5 16. Bg2 e5 17. dxe5 Bxc5 18. Bd2 Rde8 19. e6 f5 20.
gxf6 Nxf6 21. Rc1 Bd6 22. Rc4 Rh6 23. Bxe4 Rxe6 24. Bg2 Re8 25. e4 Rh5 26.
Bg5 Rhh8 27. O-O Nh7 28. Be3 Nf8 29. Rd1 Bc7 30. Bxa7 Rxh4 31. Rd3 g5 32.
Bh3+ g4 33. Bg2 Ng6 34. Bd4 Rh2 35. Ra3 Kd7 36. Bxg7 Nh4 37. Bh1 Rg8 38. e5
Rxh1+ 39. Kxh1 Rxg7 40. Rg3 Rh7 41. Rgxg4 Nf3+ 42. Kg2 Nxe5 43. Rcd4+ Ke6
44. Rg8 c5 45. Re4 Kf5 46. Re1 Ng6 47. Rd1 Be5 48. Rd2 b5 49. Rc8 Bd4 50.
b4 Nf4+ 51. Kg1 c4 52. Rf8+ Ke4 53. Rxf4+ Kxf4 54. Rxd4+ Ke5 55. Rd1 c3 56.
f4+ Ke4 57. Kf2 c2 58. Rf1 Rc7 59. Rc1 Kd3 0-1

[Event "ch-RUS HL"]
[Site "Ulan Ude RUS"]
[Date "2009.09.10"]
[Round "8"]
[White "Yemelin,V"]
[Black "Lysyj,I"]
[Result "1/2-1/2"]
[WhiteElo "2570"]
[BlackElo "2612"]
[EventDate "2009.09.02"]

1. e4 e6 2. d4 d5 3. Nd2 dxe4 4. Nxe4 Nd7 5. Nf3 Ngf6 6. Bg5 h6 7. Nxf6+
Nxf6 8. Be3 Nd5 9. Bd2 c5 10. Ne5 a6 11. c3 Bd6 12. Qa4+ Ke7 13. Be2 Qc7
14. O-O Rd8 15. Qb3 b6 16. Rfe1 Bb7 17. Bf3 Kf8 18. c4 Nf6 19. Bc3 Bxf3 20.
Nxf3 cxd4 21. Bxd4 Bc5 22. Bxf6 gxf6 23. Rad1 Kg7 24. Rxd8 Rxd8 25. Rd1
Rxd1+ 26. Qxd1 Be7 27. b3 f5 28. h3 Bf6 29. Qd2 Qc5 30. Qf4 b5 31. Qg3+ Kh7
32. Qf4 bxc4 33. Qxc4 Qa3 34. Qc7 Kg8 35. Qb8+ Kh7 36. Qc7 Kg7 37. Qg3+ Kf8
38. Qb8+ Kg7 39. Qg3+ Kf8 40. Qf4 Kg7 41. Qg3+ 1/2-1/2

[Event "ch-RUS HL"]
[Site "Ulan Ude RUS"]
[Date "2009.09.10"]
[Round "8"]
[White "Galkin,A"]
[Black "Anisimov,P2"]
[Result "1-0"]
[WhiteElo "2608"]
[BlackElo "2518"]
[EventDate "2009.09.02"]

1. e4 c5 2. Nf3 d6 3. d4 cxd4 4. Nxd4 Nf6 5. Nc3 a6 6. Be2 e5 7. Nb3 Be7 8.
Bg5 Be6 9. Bxf6 Bxf6 10. Qd3 O-O 11. Rd1 Be7 12. Nd5 Bxd5 13. Qxd5 Nc6 14.
c3 Qc7 15. O-O b5 16. a3 Rab8 17. Na1 Rfd8 18. Nc2 Bg5 19. Nb4 Ne7 20. Qb3
Qb7 21. Bf3 Nc6 22. Rd5 Be7 23. Qa2 Rdc8 24. Bg4 Rc7 25. Be2 Bf8 26. Rfd1
Qa8 27. h3 Qb7 28. Bd3 Qc8 29. Bc2 a5 30. Nxc6 Rxc6 31. Bb3 a4 32. Bc2 g6
33. Qb1 Rcb6 34. Bd3 Qc6 35. Qc2 R6b7 36. Qe2 Be7 37. g3 Bf8 38. h4 Qe8 39.
h5 Qc6 40. Kg2 Be7 41. Rh1 Bf8 42. Qg4 Qe8 43. Qh4 Qe7 44. Qg4 Qe8 45. Be2
Qe7 46. Qh3 Qe6 47. Qh4 Be7 48. Qh2 Bf6 49. hxg6 hxg6 50. Qh6 Bg7 51. Qd2
Rb6 52. Bd3 Qe8 53. Qe2 R8b7 54. Bb1 Qe6 55. Ba2 Rb8 56. Ra1 Qc8 57. Rd3
Qd8 58. Rh1 Qg5 59. Rh4 R8b7 60. Rg4 Qh6 61. Qf3 Kf8 62. Rd1 g5 63. Qf5 Bf6
64. Qc8+ Ke7 65. Bd5 Ra7 66. Rh1 Qg6 67. f4 exf4 68. gxf4 b4 69. axb4 a3
70. bxa3 1-0

[Event "ch-RUS HL"]
[Site "Ulan Ude RUS"]
[Date "2009.09.10"]
[Round "8"]
[White "Burmakin,V"]
[Black "Gabrielian,A"]
[Result "1-0"]
[WhiteElo "2599"]
[BlackElo "2513"]
[EventDate "2009.09.02"]

1. Nf3 Nf6 2. c4 g6 3. b3 Bg7 4. Bb2 c5 5. g3 O-O 6. Bg2 Nc6 7. O-O d6 8.
d4 cxd4 9. Nxd4 Bd7 10. Nc3 Qa5 11. e3 a6 12. Qd2 Rac8 13. Rfd1 Qh5 14.
Nce2 e5 15. Nxc6 bxc6 16. Nc3 Bg4 17. Re1 Rfd8 18. e4 Bh6 19. Qd3 Nd7 20.
f3 Bh3 21. Rad1 Bxg2 22. Kxg2 Nc5 23. Qf1 Ne6 24. Qf2 Bg7 25. Ba3 Nd4 26.
c5 d5 27. g4 Qg5 28. h4 Qf6 29. g5 Qe6 30. exd5 Qf5 31. d6 Nc2 32. Bc1
Nxe1+ 33. Qxe1 f6 34. Ne4 fxg5 35. hxg5 Rf8 36. Rd3 Rf7 37. Bd2 Rcf8 38.
Qg3 Qe6 39. Qh4 Kh8 40. Kg3 Rf5 41. Qg4 R8f7 42. Kg2 Rf8 43. Bc3 Qf7 44.
Bd2 Qe6 45. Qh3 R8f7 46. Qg3 Qe8 47. Qg4 Qd7 48. Qh4 Qe8 49. Qe1 Qd7 50.
Ng3 e4 51. Nxf5 gxf5 52. fxe4 f4 53. Qh4 Be5 54. Kf3 Qd8 55. Qg4 Rg7 56. d7
1-0

[Event "ch-RUS HL"]
[Site "Ulan Ude RUS"]
[Date "2009.09.10"]
[Round "8"]
[White "Sharafiev,A"]
[Black "Yudin,S"]
[Result "1/2-1/2"]
[WhiteElo "2400"]
[BlackElo "2599"]
[EventDate "2009.09.02"]

1. d4 d5 2. c4 e6 3. Nf3 c6 4. Qc2 dxc4 5. Qxc4 Nf6 6. Nc3 b5 7. Qd3 a6 8.
e4 c5 9. e5 c4 10. Qc2 Nd5 11. Be2 Nxc3 12. bxc3 Bb7 13. O-O Be7 14. a4 Nd7
15. Ba3 O-O 16. Bxe7 Qxe7 17. Rfb1 Bc6 18. Nd2 Nb6 19. axb5 axb5 20. Rxa8
Rxa8 21. Ne4 Bxe4 22. Qxe4 Qe8 23. Bf3 Ra3 24. Qe1 Na4 25. Rc1 Qd8 26. d5
Nc5 27. Rd1 Nd3 28. dxe6 fxe6 29. Be4 b4 30. Bxd3 cxd3 31. cxb4 Qd4 32. h3
Ra2 33. Qe3 Qxe3 34. fxe3 d2 35. Kf2 Rb2 36. Ke2 Rxb4 37. Rxd2 Rb5 1/2-1/2

[Event "ch-RUS HL"]
[Site "Ulan Ude RUS"]
[Date "2009.09.10"]
[Round "8"]
[White "Grachev,B"]
[Black "Yuzhakov,O"]
[Result "1-0"]
[WhiteElo "2684"]
[BlackElo "2360"]
[EventDate "2009.09.02"]

1. d4 d5 2. Nf3 Nf6 3. c4 c6 4. e3 e6 5. b3 Nbd7 6. Bb2 Be7 7. Bd3 O-O 8.
Nc3 b6 9. O-O Bb7 10. Qe2 c5 11. cxd5 Nxd5 12. Nxd5 Bxd5 13. Rfd1 cxd4 14.
Nxd4 Qb8 15. Bb5 Nc5 16. Nf5 exf5 17. Rxd5 Qc8 18. b4 Ne4 19. Rc1 Qxc1+ 20.
Bxc1 Nc3 21. Qd3 Rac8 22. Bb2 1-0

[Event "ch-RUS HL"]
[Site "Ulan Ude RUS"]
[Date "2009.09.10"]
[Round "8"]
[White "Badmatsyrenov,O"]
[Black "Shaposhnikov,E"]
[Result "1/2-1/2"]
[WhiteElo "2437"]
[BlackElo "2545"]
[EventDate "2009.09.02"]

1. e4 c5 2. Nf3 e6 3. d4 cxd4 4. Nxd4 a6 5. c4 Nf6 6. Nc3 Qc7 7. Qe2 d6 8.
g4 Nc6 9. Nxc6 bxc6 10. Be3 d5 11. g5 Nxe4 12. Nxe4 dxe4 13. O-O-O Be7 14.
Bg2 Qe5 15. Qg4 Rb8 16. Rd2 Rb4 17. Rc2 f5 18. gxf6 Bxf6 19. b3 O-O 20.
Qxe4 Qa5 21. Bd4 Bxd4 22. Qxd4 Qg5+ 23. f4 Rxf4 24. Qd2 c5 25. Kb1 Bb7 26.
Qd7 Bxg2 27. Qxe6+ Rf7 28. Rg1 Qf5 29. Qxf5 Rxf5 30. Rgxg2 a5 31. Rcf2 Rh5
32. Rd2 a4 33. Rd7 axb3 34. Rdxg7+ Kf8 35. Ra7 bxa2+ 36. Kxa2 Rf5 37. Rxh7
1/2-1/2

[Event "ch-RUS HL"]
[Site "Ulan Ude RUS"]
[Date "2009.09.10"]
[Round "8"]
[White "Yaksin,O"]
[Black "Belov,Vl"]
[Result "0-1"]
[WhiteElo "2385"]
[BlackElo "2624"]
[EventDate "2009.09.02"]

1. d4 g6 2. Nf3 Bg7 3. c4 Nf6 4. g3 d5 5. cxd5 Nxd5 6. Bg2 Nb6 7. Nc3 Nc6
8. e3 O-O 9. O-O Re8 10. d5 Na5 11. Nd4 Bd7 12. Nb3 Nxb3 13. Qxb3 a5 14. a4
e6 15. e4 exd5 16. exd5 Qe7 17. Nb5 Bxb5 18. Qxb5 Qb4 19. Qxb4 axb4 20. a5
Nc4 21. Ra4 Bf8 22. Bf4 b5 23. Raa1 Bd6 24. Bxd6 cxd6 25. a6 Nd2 26. Rfd1
Nb3 27. Ra2 Reb8 28. Bf1 Rb6 29. a7 Kf8 30. Re1 Nc5 31. b3 Rb7 32. Rd1
Raxa7 33. Rxa7 Rxa7 34. Rd4 Nxb3 35. Rxb4 Nc5 36. Rxb5 Ra2 37. Rb8+ Ke7 38.
Bb5 Rd2 39. Re8+ Kf6 40. Bc4 Rd4 41. Ba2 Ne4 42. Kg2 Rb4 43. h4 Nc3 44. Ra8
Rb2 45. Bc4 Nd1 46. Kf3 Rxf2+ 47. Ke4 Rc2 48. Bb3 Re2+ 49. Kd4 Nf2 50. Ra6
Re4+ 51. Kc3 Re3+ 52. Kc4 Ke5 53. Ra7 Ne4 54. Kb4 f5 55. Rxh7 Rxg3 56. h5
gxh5 57. Rxh5 Nf6 58. Rh8 Nxd5+ 59. Ka4 Nf6 60. Rh1 d5 61. Kb4 Rg4+ 62. Kc5
Ne4+ 63. Kc6 Rg6+ 0-1

[Event "ch-RUS HL"]
[Site "Ulan Ude RUS"]
[Date "2009.09.11"]
[Round "9"]
[White "Bocharov,D"]
[Black "Khismatullin,D"]
[Result "0-1"]
[WhiteElo "2607"]
[BlackElo "2614"]
[EventDate "2009.09.02"]

1. d4 Nf6 2. c4 e6 3. Nc3 Bb4 4. e3 O-O 5. Bd3 c5 6. Nge2 d5 7. cxd5 cxd4
8. exd4 Nxd5 9. O-O Nc6 10. a3 Nxc3 11. bxc3 Bd6 12. c4 b6 13. Bb2 Bb7 14.
Rc1 Rc8 15. f4 Na5 16. d5 exd5 17. Ng3 Nxc4 18. Bxg7 Bc5+ 19. Kh1 Ne3 20.
Qh5 Kxg7 21. Qxh7+ Kf6 22. Qh6+ Ke7 23. Rfe1 d4 24. Nf5+ Kd7 25. Rxc5 Bxg2+
26. Kg1 Rxc5 27. Rxe3 dxe3 28. Qd6+ Kc8 29. Ba6+ Bb7 30. Ne7+ Qxe7 0-1

[Event "ch-RUS HL"]
[Site "Ulan Ude RUS"]
[Date "2009.09.11"]
[Round "9"]
[White "Lastin,A"]
[Black "Shimanov,A"]
[Result "1-0"]
[WhiteElo "2648"]
[BlackElo "2508"]
[EventDate "2009.09.02"]

1. e4 e6 2. d4 d5 3. Nd2 c5 4. exd5 Qxd5 5. Ngf3 cxd4 6. Bc4 Qd6 7. O-O Nf6
8. Nb3 Nc6 9. Nbxd4 Nxd4 10. Nxd4 a6 11. Re1 Qc7 12. Qe2 Bd7 13. Bg5 O-O-O
14. h3 Bb4 15. c3 Bd6 16. a4 h6 17. Be3 e5 18. Nc2 Bf5 19. Nb4 a5 20. Nd5
Nxd5 21. Bxd5 e4 22. Qb5 Bd7 23. Qb3 Bc6 24. Bxf7 Rhf8 25. Be6+ Kb8 26.
Rad1 Rde8 27. Bd5 Rf5 28. Re2 Bf4 29. Bb6 Qc8 30. c4 Rg5 31. Kh1 Qd7 32.
Qc3 Bc7 33. Bxc7+ Qxc7 34. Rd4 Rge5 35. Bxc6 Qxc6 36. Red2 Rc5 37. b3 Qc7
38. Rd7 Qb6 39. Qxg7 Rg5 40. Qd4 Qg6 41. Rd8+ Rxd8 42. Qxd8+ Ka7 43. Rd6
1-0

[Event "ch-RUS HL"]
[Site "Ulan Ude RUS"]
[Date "2009.09.11"]
[Round "9"]
[White "Amonatov,F"]
[Black "Vorobiov,E"]
[Result "1/2-1/2"]
[WhiteElo "2643"]
[BlackElo "2606"]
[EventDate "2009.09.02"]

1. e4 c5 2. Nf3 d6 3. d4 cxd4 4. Nxd4 Nf6 5. Nc3 a6 6. h3 e6 7. g4 d5 8.
exd5 Nxd5 9. Nde2 Nxc3 10. Qxd8+ Kxd8 11. Nxc3 Bd7 12. Be3 Bc6 13. O-O-O+
Nd7 14. Rg1 Kc7 15. Bf4+ Kb6 16. Bg2 Be7 17. Ne4 Rad8 18. Nd6 Bxd6 19. Rxd6
Nf6 20. Rxd8 Rxd8 21. g5 Nh5 22. Be3+ Kc7 23. Bxc6 Kxc6 24. Rg4 b5 25. a4
g6 26. axb5+ axb5 27. c4 e5 28. Re4 Re8 29. b3 f5 30. gxf6 Nxf6 31. cxb5+
Kxb5 32. Rc4 Rd8 33. Rc5+ Kb4 34. Kc2 Nd5 35. Rc4+ Kb5 36. Rc5+ Kb4 37.
Rc4+ Kb5 38. Rh4 Nxe3+ 39. fxe3 Rd7 40. Re4 Rd5 41. Kc3 Rc5+ 42. Kd3 Rd5+
43. Ke2 Kc6 44. Rc4+ Kd6 45. b4 g5 46. h4 h6 47. Rg4 Rb5 48. hxg5 hxg5 49.
Kd3 Rb8 50. Kc4 Rc8+ 51. Kd3 1/2-1/2

[Event "ch-RUS HL"]
[Site "Ulan Ude RUS"]
[Date "2009.09.11"]
[Round "9"]
[White "Kokarev,Dm"]
[Black "Romanov,E"]
[Result "1-0"]
[WhiteElo "2630"]
[BlackElo "2588"]
[EventDate "2009.09.02"]

1. e4 c5 2. Nf3 d6 3. d4 cxd4 4. Nxd4 Nf6 5. Nc3 a6 6. Bg5 e6 7. f4 Nbd7 8.
Qe2 Qc7 9. O-O-O b5 10. g4 b4 11. Nd5 exd5 12. exd5+ Be7 13. Re1 O-O 14.
Qxe7 Re8 15. Qxe8+ Nxe8 16. Rxe8+ Nf8 17. Bd3 Bb7 18. Rhe1 Qb6 19. Rxa8
Bxa8 20. Nf5 Qf2 21. Bh4 Qxf4+ 22. Kb1 Qxh2 23. Bg3 Qg2 24. Bxd6 g6 25. Ne3
Qf2 26. Bxb4 Nd7 27. Bxa6 Ne5 28. b3 h5 29. gxh5 gxh5 30. Bc3 f6 31. d6 Bc6
32. Nc4 Nf3 33. Rd1 h4 34. Bc8 Qe2 35. Kc1 Ng5 36. d7 Nf7 37. d8=Q+ Nxd8
38. Rxd8+ Kg7 39. Rd6 Be4 40. Nd2 Qe1+ 41. Kb2 Bg6 42. Rxf6 1-0

[Event "ch-RUS HL"]
[Site "Ulan Ude RUS"]
[Date "2009.09.11"]
[Round "9"]
[White "Sjugirov,S"]
[Black "Maslak,K"]
[Result "1/2-1/2"]
[WhiteElo "2585"]
[BlackElo "2551"]
[EventDate "2009.09.02"]

1. e4 e5 2. Nf3 Nf6 3. Nxe5 d6 4. Nf3 Nxe4 5. Nc3 Nxc3 6. dxc3 Be7 7. Bf4
Nc6 8. Qd2 Be6 9. O-O-O Bxa2 10. b3 a5 11. Kb2 a4 12. Kxa2 axb3+ 13. Kxb3
Ra5 14. Kb2 Qa8 15. Bc4 d5 16. Bb3 Ba3+ 17. Kb1 Be7 18. Kb2 Ba3+ 19. Kb1
Be7 1/2-1/2

[Event "ch-RUS HL"]
[Site "Ulan Ude RUS"]
[Date "2009.09.11"]
[Round "9"]
[White "Burmakin,V"]
[Black "Kurnosov,I"]
[Result "0-1"]
[WhiteElo "2599"]
[BlackElo "2669"]
[EventDate "2009.09.02"]

1. d4 Nf6 2. Nf3 g6 3. c3 Bg7 4. Bg5 O-O 5. Nbd2 d6 6. e4 c5 7. dxc5 dxc5
8. Bc4 Nc6 9. O-O Qc7 10. Re1 h6 11. Bh4 Nh5 12. Qc2 Bg4 13. Bg3 Nxg3 14.
hxg3 h5 15. Nf1 Bh6 16. N3h2 Ne5 17. Nxg4 hxg4 18. Qe2 Kg7 19. Nh2 Qc8 20.
Rad1 Bg5 21. Rd5 Bf6 22. Red1 Rh8 23. Rxe5 Bxe5 24. Nxg4 Bc7 25. Qf3 f6 26.
Rd5 Rd8 27. Rxc5 Qd7 28. Rd5 Qc6 29. Qe3 Qxc4 30. Qh6+ Kf7 31. Qh7+ Ke6 32.
Qh3 Qxe4 33. Ne3+ f5 0-1

[Event "ch-RUS HL"]
[Site "Ulan Ude RUS"]
[Date "2009.09.11"]
[Round "9"]
[White "Rakhmanov,Ale"]
[Black "Inarkiev,E"]
[Result "0-1"]
[WhiteElo "2588"]
[BlackElo "2664"]
[EventDate "2009.09.02"]

1. d4 Nf6 2. Nf3 g6 3. Bf4 Bg7 4. h3 O-O 5. e3 d6 6. Be2 Nc6 7. O-O Ne4 8.
Bh2 e5 9. Nbd2 Nxd2 10. Qxd2 e4 11. Ne1 f5 12. c4 g5 13. Nc2 g4 14. hxg4
fxg4 15. f3 gxf3 16. gxf3 Bh3 17. Rf2 Qh4 18. f4 Kh8 19. Bf1 Ne7 20. Bg2
Bxg2 21. Rxg2 Nf5 22. Kh1 Qh3 23. Rag1 Bf6 24. b3 Qf3 25. Qe2 Bh4 26. Rf1
Qh3 27. Rfg1 Rf6 28. Rg4 Qf3+ 29. Qxf3 exf3 30. e4 h5 31. Rg5 Ng7 32. Rxg7
f2 33. Rxc7 fxg1=Q+ 34. Kxg1 Rg8+ 35. Kh1 Bg3 36. Bxg3 Rxg3 37. Rc8+ Kh7
38. Rc7+ Kh6 39. f5 Rf8 40. Rd7 Rfg8 41. Rxd6+ Kg5 42. Rg6+ Rxg6 43. fxg6
Kxg6 44. d5 Rd3 45. Na3 Kg5 46. Nb5 Kf4 47. Nd6 Rd2 48. e5 Kxe5 49. Nxb7
Rxa2 50. Kg1 h4 51. Kh1 h3 52. Kg1 Rg2+ 53. Kh1 Re2 54. Kg1 Kf4 55. Nd6 h2+
0-1

[Event "ch-RUS HL"]
[Site "Ulan Ude RUS"]
[Date "2009.09.11"]
[Round "9"]
[White "Bryzgalin,K"]
[Black "Volkov,Sergey1"]
[Result "1/2-1/2"]
[WhiteElo "2480"]
[BlackElo "2616"]
[EventDate "2009.09.02"]

1. e4 e6 2. d4 d5 3. Nd2 Nf6 4. e5 Nfd7 5. Bd3 c5 6. c3 Nc6 7. Ne2 cxd4 8.
cxd4 f6 9. exf6 Nxf6 10. O-O Bd6 11. Nf3 O-O 12. Bf4 Bxf4 13. Nxf4 Ne4 14.
Qc1 Ng5 15. Nxg5 Qxg5 16. Ne2 Qf6 17. Qd2 Bd7 18. Bb5 Nb8 19. Bd3 Be8 20.
Rac1 Nc6 21. Bb5 Ne7 22. Bxe8 Raxe8 23. Rc7 Rb8 24. Rc3 Rf7 25. Rf3 Nf5 26.
Rc1 Rbf8 27. b3 Qh4 28. Qf4 Qxf4 29. Rxf4 g5 30. Rf3 g4 31. Rf4 h5 32. g3
Kg7 33. h3 gxh3 34. Kh2 h4 35. Rg1 hxg3+ 36. Nxg3 Kf6 37. Nxf5 exf5 38. Rh4
Rc8 39. Rh6+ Ke7 40. Re1+ Kd7 41. Re5 Rc2 42. Rxd5+ Ke7 43. Re5+ Kf8 44.
Kg3 f4+ 45. Kf3 Rxa2 46. Rh8+ Kg7 47. Rxh3 Rd2 48. Re4 Rd3+ 49. Kg4 f3 50.
b4 a6 51. Rh5 Rd2 52. Kg3 Rd1 53. Rhe5 Rg1+ 54. Kh3 Rh1+ 55. Kg3 Rg1+ 56.
Kh3 Rh1+ 1/2-1/2

[Event "ch-RUS HL"]
[Site "Ulan Ude RUS"]
[Date "2009.09.11"]
[Round "9"]
[White "Lysyj,I"]
[Black "Matlakov,M"]
[Result "1/2-1/2"]
[WhiteElo "2612"]
[BlackElo "2574"]
[EventDate "2009.09.02"]

1. d4 d5 2. c4 c6 3. Nf3 Nf6 4. e3 Bf5 5. Nc3 e6 6. Nh4 Bg6 7. Nxg6 hxg6 8.
a3 Nbd7 9. g3 Bd6 10. b3 Ne4 11. Nxe4 dxe4 12. b4 f5 13. c5 Bc7 14. b5 Nf6
15. Rb1 Ba5+ 16. Bd2 e5 17. Be2 exd4 18. exd4 e3 19. Bxa5 Qxa5+ 20. Kf1
exf2 21. bxc6 bxc6 22. Qb3 Nd5 23. Kxf2 O-O 24. Rhd1 f4 25. gxf4 Rxf4+ 26.
Kg1 Re8 27. Bf3 Qd8 28. Re1 Ref8 29. Bg2 Kh7 30. Rf1 Rxf1+ 31. Rxf1 Nf4 32.
Qe3 Qg5 33. Qf3 Nxg2 34. Qxg2 Qe3+ 35. Kh1 Rxf1+ 36. Qxf1 Qe4+ 37. Qg2 Qe1+
38. Qg1 Qe4+ 39. Qg2 Qe1+ 40. Qg1 Qe4+ 1/2-1/2

[Event "ch-RUS HL"]
[Site "Ulan Ude RUS"]
[Date "2009.09.11"]
[Round "9"]
[White "Nikolenko,O"]
[Black "Grachev,B"]
[Result "1/2-1/2"]
[WhiteElo "2533"]
[BlackElo "2684"]
[EventDate "2009.09.02"]

1. e4 e6 2. d4 d5 3. Nd2 dxe4 4. Nxe4 Nd7 5. Nf3 Ngf6 6. Nxf6+ Nxf6 7. Ne5
a6 8. Bd3 c5 9. dxc5 Qd5 10. Qe2 Qxc5 11. O-O Be7 12. Bg5 h6 13. Bh4 Nd7
14. Bxe7 Kxe7 15. Nf3 Nf6 16. Rad1 Rd8 17. Be4 Rxd1 18. Rxd1 Rb8 19. Nd4
Bd7 20. Bf3 Kf8 21. Nb3 Qc7 22. Qd2 Ke8 23. c3 Bc6 24. Bxc6+ Qxc6 25. Qd4
Qd5 26. Nc5 Ke7 27. Qxd5 Nxd5 28. Kf1 Rc8 29. Nb3 g5 30. Rd4 h5 31. Nc1 Kd6
32. Nd3 e5 33. Re4 f6 34. f3 h4 35. g3 hxg3 36. hxg3 b5 37. Kf2 Rh8 38. Kg2
Rd8 39. f4 gxf4 40. gxf4 exf4 41. Kf3 Rh8 42. Nxf4 Nxf4 43. Rxf4 Ke5 44.
Re4+ Kd5 45. Rd4+ Kc5 46. a4 Rh2 47. b4+ Kc6 48. axb5+ axb5 49. c4 bxc4 50.
Rxc4+ 1/2-1/2

[Event "ch-RUS HL"]
[Site "Ulan Ude RUS"]
[Date "2009.09.11"]
[Round "9"]
[White "Savchenko,B"]
[Black "Sek,K"]
[Result "1-0"]
[WhiteElo "2638"]
[BlackElo "2420"]
[EventDate "2009.09.02"]

1. e4 Nf6 2. e5 Nd5 3. d4 d6 4. exd6 exd6 5. c4 Nb6 6. Nc3 Be7 7. Qf3 O-O
8. Be3 Nc6 9. O-O-O Be6 10. c5 Nc4 11. Bf4 dxc5 12. d5 Nd4 13. dxe6 fxe6
14. Bxc4 Nxf3 15. Rxd8 Raxd8 16. Nh3 Nd4 17. Bxc7 Rde8 18. Re1 b6 19. f3
Bh4 20. Re4 Bf6 21. Nf4 Bg5 22. Kb1 Rf6 23. Nh3 Rg6 24. Nb5 Bh6 25. Nxd4
cxd4 26. g4 Be3 27. Nf4 Bxf4 28. Bxf4 Rf6 29. g5 Rff8 30. Rxd4 Rf5 31. Re4
Kf7 32. Be2 Rd5 33. Rc4 Re7 34. Kc2 Red7 35. Bc1 Re5 36. Re4 Rc5+ 37. Kb1
Rdc7 38. Bf4 Rd7 39. a4 Rdd5 40. Be3 Rc6 41. b3 Kg6 42. Kb2 Kf5 43. b4 e5
44. b5 Rc7 45. Kb3 Rd8 46. Rc4 Rxc4 47. Kxc4 e4 48. h3 Rc8+ 49. Kd5 1-0